US States by Cracker Barrel - Statistics

General Stats
  • This quiz has been taken 728 times
  • The average score is 17 of 20
Answer Stats
Hint Answer % Correct
62 Florida
95%
53 Texas
93%
47 Georgia
92%
4.307 Georgia
92%
31 Alabama
90%
6.109 Alabama
90%
37 Kentucky
89%
8.2 Kentucky
89%
41 North Carolina
89%
3.832 North Carolina
89%
4.732 South Carolina
89%
51 Tennessee
89%
7.658 Tennessee
89%
4.762 Mississippi
86%
32 Virginia
86%
31 Ohio
80%
3.94 Arkansas
79%
5.633 West Virginia
77%
28 Indiana
74%
4.098 Indiana
74%
No matching quizzes found
Score Distribution
Percent of People with Each Score
Percentile by Number Answered
Your Score History
You have not taken this quiz